000 01119nam a2200277 a 4500
001
003 DO-SdBNP
005 20211126090650.0
008 101013s2002 dr 001 0 spa d
040 _aDO-SdBNP
_bspa
_cBPMSU
082 _a724.1097293
_bP171m, 2002
_222
100 1 _aPalm, Erwin Warter,
_d1910-1988.
245 1 4 _aLos monumentos arquitectónicos de la Española /
_cErwin Warter Palm.
260 _aSanto Domingo :
_bSociedad Dominicana de Bibliófilos,
_c2002.
300 _a1 v. en varias paginaciones :
_bil., mapa, retrs. ;
_c28 cm.
490 0 _aClásicos bibliófilos
_v5
500 _aIncluye referencias bibliográficas y notas al pie de las páginas.
500 _aIncluye bibliografía e índice alfabético: p. 159-217.
533 _aFacsímil:
_bCiudad Trujillo, República Dominicana:
_cUniversidad Autónoma de Santo Domingo,
_d1955.
590 _aInventariado, 2021/VM
650 4 _aMonumentos históricos
_zRepública Dominicana
650 4 _aArquitectura colonial
_zRepública Dominicana
650 4 _aArte colonial
_zRepública Dominicana
910 _aVMateo V
942 _2ddc
_cBK
999 _c13905
_d13905